000 00413cam a22001337a 4500
008 180718b1959 xxu||||| |||| 00| 0 eng d
082 _aL243x54 K131su
100 _aJamshedji B., Kanga
245 _aSupplement to the law and practive of income tax
_cby Jamshedji B. Kanga and N.A. Palkhivala
260 _aBombay
_bTriapthi
_c1959
300 _a326p.
650 _aIncome tax - India
700 _aPalkhivala, N.A.
999 _c371095
_d371095